000 00459nam a2200181Ia 4500
001 17966
005 20260306171556.0
008 260306s9999||||xx |||||||||||||| ||und||
041 _aESP
082 _a658.3
_bP43
100 _aPereda Marín, Santiago
_eAUT
245 0 _aDirección y gestión de recursos humanos por competencias
260 _c2011
300 _a487 páginas :
_c24 cm.
650 _aGEN
654 _aCAN
942 _cLIB
_dJUS
_fJUS
_2ddc
_n
999 _c17966
_d17966